[Event "New York op"]
[Site "New York"]
[Date "1985.??.??"]
[Round "2"]
[White "Adorjan, Andras"]
[Black "Rohde, Michael"]
[Result "1-0"]
[WhiteElo "2565"]
[BlackElo "2400"]
[PlyCount "83"]
[EventDate "1985.03.??"]
[EventType "swiss"]
[EventRounds "9"]
[EventCountry "USA"]
[Source "ChessBase"]
[SourceDate "1999.11.16"]
[WhiteTeamCountry "CUB"]
[BlackTeamCountry "HUN"]

1. c4 c5 2. Nf3 Nf6 3. Nc3 e6 4. g3 b6 5. Bg2 Bb7 6. O-O Be7 7. d4 cxd4 8. Qxd4
d6 9. Rd1 a6 10. Ng5 Bxg2 11. Kxg2 Nc6 12. Qf4 O-O 13. b3 Ra7 14. Bb2 Rd7 15.
Nce4 Ne8 16. Nf3 b5 17. Kg1 bxc4 18. bxc4 Na5 19. Rac1 Rc7 20. Ned2 Qc8 21. Ba3
e5 22. Qe3 Nf6 23. Qb6 Nc6 24. Nb3 e4 25. Nfd2 Ne5 26. Kg2 Rc6 27. Qd4 Qg4 28.
Qe3 Rfc8 29. h3 Qg6 30. Nd4 R6c7 31. Qf4 Nxc4 32. Nxc4 Nh5 33. Qg4 Rxc4 34.
Qxc8+ Rxc8 35. Rxc8+ Bf8 36. e3 Qf6 37. g4 g6 38. Rb1 Nf4+ 39. exf4 Qxd4 40.
Rbb8 e3 41. Rxf8+ Kg7 42. Bb2 1-0

[Event "New York op"]
[Site "New York"]
[Date "1985.??.??"]
[Round "3"]
[White "Schussler, Harry"]
[Black "Adorjan, Andras"]
[Result "1/2-1/2"]
[WhiteElo "2455"]
[BlackElo "2565"]
[PlyCount "34"]
[EventDate "1985.03.??"]
[EventType "swiss"]
[EventRounds "9"]
[EventCountry "USA"]
[Source "ChessBase"]
[SourceDate "1999.11.16"]
[WhiteTeamCountry "CUB"]
[BlackTeamCountry "HUN"]

1. e4 c5 2. Nf3 e6 3. d4 cxd4 4. Nxd4 Nf6 5. Nc3 d6 6. g4 h6 7. g5 hxg5 8. Bxg5
Nc6 9. Qd2 Qb6 10. Nb3 Bd7 11. O-O-O a6 12. Be3 Qc7 13. f4 O-O-O 14. Bg2 d5 15.
exd5 exd5 16. h3 Bb4 17. Qf2 d4 1/2-1/2

[Event "New York op"]
[Site "New York"]
[Date "1985.??.??"]
[Round "5"]
[White "Alburt, Lev"]
[Black "Adorjan, Andras"]
[Result "1-0"]
[WhiteElo "2535"]
[BlackElo "2565"]
[PlyCount "125"]
[EventDate "1985.03.??"]
[EventType "swiss"]
[EventRounds "9"]
[EventCountry "USA"]
[Source "ChessBase"]
[SourceDate "1999.11.16"]
[WhiteTeamCountry "CUB"]
[BlackTeamCountry "HUN"]

1. d4 Nf6 2. c4 e6 3. g3 Bb4+ 4. Nd2 c5 5. Ngf3 cxd4 6. Nxd4 Qb6 7. a3 Bxd2+ 8.
Qxd2 Nc6 9. e3 O-O 10. b4 Nxd4 11. Qxd4 Qc6 12. Rg1 d6 13. Bg2 Qc7 14. c5 dxc5
15. Qxc5 Qxc5 16. bxc5 Bd7 17. Bxb7 Rab8 18. c6 Bc8 19. Rb1 Bxb7 20. c7 Rbc8
21. Rxb7 Ne8 22. Rxa7 Nxc7 23. Ke2 Nb5 24. Rb7 Nd6 25. Rb2 h6 26. Bd2 Nc4 27.
Ra2 Nxd2 28. Kxd2 Rfd8+ 29. Ke2 Rc3 30. Rd1 Ra8 31. Rd3 Rc5 32. Kd2 g5 33. Rd4
Kg7 34. h4 Kg6 35. a4 Rac8 36. a5 Ra8 37. a6 Rc6 38. a7 Rc7 39. Rda4 Kh5 40.
Kd3 Kg6 41. Kd4 Kf6 42. f4 gxh4 43. gxh4 Rd8+ 44. Ke4 Ra8 45. f5 exf5+ 46. Kf4
Rc5 47. Ra6+ Kg7 48. h5 Rc7 49. Kxf5 Rb7 50. e4 Rc7 51. e5 Re7 52. Rg2+ Kf8 53.
Rxh6 Rexa7 54. Rh8+ Ke7 55. Rxa8 Rxa8 56. h6 Rh8 57. Rh2 Rh7 58. Rh1 Kf8 59.
Kf6 Kg8 60. Ke7 f5+ 61. Kf6 f4 62. e6 Kf8 63. Kg6 1-0

[Event "New York op"]
[Site "New York"]
[Date "1985.??.??"]
[Round "7"]
[White "Barlov, Dragan"]
[Black "Adorjan, Andras"]
[Result "0-1"]
[WhiteElo "2430"]
[BlackElo "2565"]
[PlyCount "54"]
[EventDate "1985.03.??"]
[EventType "swiss"]
[EventRounds "9"]
[EventCountry "USA"]
[Source "ChessBase"]
[SourceDate "1999.11.16"]
[WhiteTeamCountry "CUB"]
[BlackTeamCountry "HUN"]

1. d4 Nf6 2. Nf3 e6 3. Bg5 c5 4. e3 Be7 5. c3 b6 6. Bd3 Bb7 7. O-O Nc6 8. Nbd2
O-O 9. e4 cxd4 10. cxd4 h6 11. Bxf6 Bxf6 12. e5 Be7 13. a3 d6 14. Be4 b5 15.
Qe2 Qb6 16. Nb3 dxe5 17. dxe5 Rfd8 18. Rfc1 Rac8 19. h4 a5 20. Qe3 Qxe3 21.
fxe3 a4 22. Nc5 Ba8 23. b4 axb3 24. Nxb3 Na5 25. Rxc8 Rxc8 26. Bxa8 Nxb3 27.
Rb1 Nc5 0-1

[Event "New York op"]
[Site "New York"]
[Date "1985.??.??"]
[Round "9"]
[White "Adorjan, Andras"]
[Black "Dlugy, Maxim"]
[Result "1/2-1/2"]
[WhiteElo "2565"]
[BlackElo "2485"]
[PlyCount "32"]
[EventDate "1985.03.??"]
[EventType "swiss"]
[EventRounds "9"]
[EventCountry "USA"]
[Source "ChessBase"]
[SourceDate "1999.11.16"]
[WhiteTeamCountry "CUB"]
[BlackTeamCountry "HUN"]

1. c4 c5 2. Nf3 Nf6 3. Nc3 e6 4. g3 Nc6 5. Bg2 d5 6. cxd5 Nxd5 7. O-O Be7 8. d4
O-O 9. Nxd5 exd5 10. dxc5 Bxc5 11. Qc2 Bb6 12. Ng5 g6 13. Qd1 Be6 14. Nh3 Bxh3
15. Bxh3 Re8 16. Bg2 Qe7 1/2-1/2

[Event "Esbjerg"]
[Site "Esbjerg"]
[Date "1985.??.??"]
[Round "1"]
[White "Adorjan, Andras"]
[Black "Kristiansen, Jens"]
[Result "1-0"]
[WhiteElo "2535"]
[BlackElo "2390"]
[PlyCount "57"]
[EventDate "1985.07.??"]
[EventType "tourn"]
[EventRounds "11"]
[EventCountry "DEN"]
[EventCategory "9"]
[Source "ChessBase"]
[SourceDate "1999.11.16"]
[WhiteTeamCountry "CUB"]
[BlackTeamCountry "HUN"]

1. d4 g6 2. c4 Bg7 3. Nc3 d6 4. e4 Nd7 5. f4 e5 6. fxe5 dxe5 7. d5 Nh6 8. Nf3
O-O 9. Be2 f5 10. Bg5 Nf6 11. O-O Nf7 12. Bh4 Qe7 13. exf5 gxf5 14. Kh1 Bd7 15.
Qb3 b6 16. Rae1 Nd6 17. Bd1 e4 18. Nd4 Qe5 19. Ne6 Bxe6 20. Bg3 Qd4 21. dxe6
Kh8 22. Nb5 Nxb5 23. Qxb5 c5 24. Rxf5 Rae8 25. Be5 Qd2 26. Bc3 Qh6 27. Qc6 e3
28. Ref1 Re7 29. Qd6 1-0

[Event "Esbjerg"]
[Site "Esbjerg"]
[Date "1985.??.??"]
[Round "2"]
[White "Hjartarson, Johann"]
[Black "Adorjan, Andras"]
[Result "1/2-1/2"]
[WhiteElo "2505"]
[BlackElo "2535"]
[PlyCount "26"]
[EventDate "1985.07.??"]
[EventType "tourn"]
[EventRounds "11"]
[EventCountry "DEN"]
[EventCategory "9"]
[Source "ChessBase"]
[SourceDate "1999.11.16"]
[WhiteTeamCountry "CUB"]
[BlackTeamCountry "HUN"]

1. e4 c5 2. Nf3 e6 3. d4 cxd4 4. Nxd4 Nf6 5. Nc3 d6 6. g4 h6 7. h4 e5 8. Bb5+
Bd7 9. Bxd7+ Qxd7 10. Nf5 Nc6 11. Rg1 O-O-O 12. Ne3 d5 13. exd5 Nb4 1/2-1/2

[Event "Esbjerg"]
[Site "Esbjerg"]
[Date "1985.??.??"]
[Round "3"]
[White "Adorjan, Andras"]
[Black "Plaskett, Jim"]
[Result "1-0"]
[WhiteElo "2535"]
[BlackElo "2480"]
[PlyCount "63"]
[EventDate "1985.07.??"]
[EventType "tourn"]
[EventRounds "11"]
[EventCountry "DEN"]
[EventCategory "9"]
[Source "ChessBase"]
[SourceDate "1999.11.16"]
[WhiteTeamCountry "CUB"]
[BlackTeamCountry "HUN"]

1. c4 Nf6 2. Nc3 c5 3. g3 e6 4. Nf3 d5 5. cxd5 Nxd5 6. Bg2 Nc6 7. O-O Be7 8. d4
O-O 9. Nxd5 exd5 10. dxc5 Bxc5 11. Qc2 Bb6 12. Ng5 g6 13. Qd1 Nd4 14. Be3 Ne6
15. Nxe6 Bxe6 16. Bd4 Rc8 17. e3 Qd6 18. h4 Rc4 19. b3 Bxd4 20. bxc4 Bxa1 21.
cxd5 Bg7 22. dxe6 Qxe6 23. Qa4 Qe8 24. Qxa7 Qa8 25. Qxa8 Rxa8 26. Bd5 Ra5 27.
e4 b5 28. Rc1 Ra7 29. Rb1 Ra5 30. Kg2 h5 31. Rc1 Ra7 32. Rc6 1-0

[Event "Esbjerg"]
[Site "Esbjerg"]
[Date "1985.??.??"]
[Round "4"]
[White "Hansen, Curt"]
[Black "Adorjan, Andras"]
[Result "1/2-1/2"]
[WhiteElo "2500"]
[BlackElo "2535"]
[PlyCount "28"]
[EventDate "1985.07.??"]
[EventType "tourn"]
[EventRounds "11"]
[EventCountry "DEN"]
[EventCategory "9"]
[Source "ChessBase"]
[SourceDate "1999.11.16"]
[WhiteTeamCountry "CUB"]
[BlackTeamCountry "HUN"]

1. d4 Nf6 2. c4 e6 3. Nf3 b6 4. a3 Bb7 5. Nc3 d5 6. cxd5 Nxd5 7. Qc2 c5 8. dxc5
Bxc5 9. Bg5 Qc8 10. Rc1 h6 11. Bh4 O-O 12. Nxd5 exd5 13. e3 Nc6 14. Bd3 d4
1/2-1/2

[Event "Esbjerg"]
[Site "Esbjerg"]
[Date "1985.??.??"]
[Round "5"]
[White "Adorjan, Andras"]
[Black "Csom, Istvan"]
[Result "1/2-1/2"]
[WhiteElo "2535"]
[BlackElo "2465"]
[PlyCount "118"]
[EventDate "1985.07.??"]
[EventType "tourn"]
[EventRounds "11"]
[EventCountry "DEN"]
[EventCategory "9"]
[Source "ChessBase"]
[SourceDate "1999.11.16"]
[WhiteTeamCountry "CUB"]
[BlackTeamCountry "HUN"]

1. c4 c5 2. Nf3 b6 3. Nc3 Bb7 4. e3 Nf6 5. d4 cxd4 6. exd4 e6 7. Bd3 Be7 8. O-O
d6 9. d5 e5 10. Nh4 g6 11. f4 Nbd7 12. Nf3 a6 13. Kh1 exf4 14. Bxf4 O-O 15. Qd2
Re8 16. Rae1 Bf8 17. Rxe8 Qxe8 18. Qf2 Ng4 19. Qh4 Nge5 20. Ng5 h6 21. Bxe5
Nxe5 22. Nxf7 Nxd3 23. Ne4 Ne5 24. Nf6+ Kxf7 25. Nxe8+ Kxe8 26. Qd4 Nd7 27.
Qe4+ Ne5 28. Qe3 Rd8 29. Qxb6 Rd7 30. Re1 Bg7 31. c5 dxc5 32. Qe6+ Re7 33. Qg8+
Kd7 34. Qb8 Bxd5 35. Qa7+ Kd6 36. Qxa6+ Nc6 37. Rxe7 Kxe7 38. Qb7+ Kf8 39. b3
Bd4 40. a4 Nb4 41. Qb8+ Kg7 42. Qc7+ Kg8 43. a5 Bxb3 44. Qb8+ Kg7 45. a6 Bf7
46. a7 Nc6 47. Qb7 Nxa7 48. Qxa7 Kf6 49. Qc7 Kg7 50. Qd6 Kg8 51. h3 Kg7 52. g3
Kg8 53. Kg2 Kg7 54. Kf3 Kg8 55. g4 Kg7 56. Ke4 Kg8 57. h4 Kg7 58. g5 h5 59. Qe7
Kg8 1/2-1/2

[Event "Esbjerg"]
[Site "Esbjerg"]
[Date "1985.??.??"]
[Round "6"]
[White "Fries Nielsen, Jens Ove"]
[Black "Adorjan, Andras"]
[Result "0-1"]
[WhiteElo "2395"]
[BlackElo "2535"]
[PlyCount "80"]
[EventDate "1985.07.??"]
[EventType "tourn"]
[EventRounds "11"]
[EventCountry "DEN"]
[EventCategory "9"]
[Source "ChessBase"]
[SourceDate "1999.11.16"]
[WhiteTeamCountry "CUB"]
[BlackTeamCountry "HUN"]

1. d4 Nf6 2. c4 e6 3. Nc3 Bb4 4. e3 c5 5. Bd3 Nc6 6. Nge2 cxd4 7. exd4 d5 8.
cxd5 Qxd5 9. O-O Qh5 10. Ne4 Be7 11. a3 O-O 12. Qc2 Nxe4 13. Bxe4 Bd6 14. f4
Bd7 15. Be3 Rac8 16. Nc3 Na5 17. Bf3 Qh6 18. Kh1 Nc4 19. Bc1 Bc6 20. Qe2 Rfd8
21. h3 Qh4 22. Bxc6 Rxc6 23. Qf3 Bxf4 24. Na4 Be5 25. Nb6 Rc5 26. Nd5 g6 27.
Ra2 Ra8 28. dxe5 b6 29. Nc3 Ne3 30. Ne4 Nc2 31. Qh5 Nb4 32. a4 Rcc8 33. Ra3 g5
34. Rc3 g4 35. Bg5 Rcb8 36. Nd6 Qxg5 37. Rc6 gxh3 38. Rcc1 h2 39. Nxf7 Qxc1 40.
a5 Qe1 0-1

[Event "Esbjerg"]
[Site "Esbjerg"]
[Date "1985.??.??"]
[Round "7"]
[White "Adorjan, Andras"]
[Black "Olafsson, Helgi"]
[Result "1/2-1/2"]
[WhiteElo "2535"]
[BlackElo "2515"]
[PlyCount "31"]
[EventDate "1985.07.??"]
[EventType "tourn"]
[EventRounds "11"]
[EventCountry "DEN"]
[EventCategory "9"]
[Source "ChessBase"]
[SourceDate "1999.11.16"]
[WhiteTeamCountry "CUB"]
[BlackTeamCountry "HUN"]

1. c4 e5 2. Nc3 Bb4 3. Nd5 Ba5 4. b4 c6 5. bxa5 cxd5 6. cxd5 Qxa5 7. Qb3 Nf6 8.
Nf3 d6 9. Ba3 Ne4 10. e3 O-O 11. Qb4 Qxb4 12. Bxb4 Nd7 13. Ba3 Rd8 14. Rc1 b6
15. Bb5 Ndf6 16. Bc6 1/2-1/2

[Event "Esbjerg"]
[Site "Esbjerg"]
[Date "1985.??.??"]
[Round "8"]
[White "Adorjan, Andras"]
[Black "Rodgaard, John"]
[Result "1-0"]
[WhiteElo "2535"]
[BlackElo "2365"]
[PlyCount "69"]
[EventDate "1985.07.??"]
[EventType "tourn"]
[EventRounds "11"]
[EventCountry "DEN"]
[EventCategory "9"]
[Source "ChessBase"]
[SourceDate "1999.11.16"]
[WhiteTeamCountry "CUB"]
[BlackTeamCountry "HUN"]

1. c4 e6 2. Nc3 d5 3. d4 Nf6 4. Bg5 Be7 5. e3 O-O 6. Rc1 Nbd7 7. Nf3 c6 8. Bd3
dxc4 9. Bxc4 Nd5 10. Bxe7 Qxe7 11. Ne4 N5f6 12. Nxf6+ Qxf6 13. O-O c5 14. Bb5
cxd4 15. Qxd4 Qxd4 16. Nxd4 Nb6 17. Rfd1 g6 18. Nf3 a6 19. Be2 Nd5 20. Ne5 b5
21. e4 Nf6 22. Rc7 Kg7 23. Rdc1 Rb8 24. Nc6 Rb7 25. Na5 Rb8 26. f3 Re8 27. Nc6
Rb7 28. Na7 Rxc7 29. Rxc7 Rd8 30. Nxc8 Rd2 31. Bf1 Rxb2 32. Nd6 Nh5 33. g4 Rd2
34. Rd7 Nf6 35. Ne8+ 1-0

[Event "Esbjerg"]
[Site "Esbjerg"]
[Date "1985.??.??"]
[Round "9"]
[White "Farago, Ivan"]
[Black "Adorjan, Andras"]
[Result "1/2-1/2"]
[WhiteElo "2510"]
[BlackElo "2535"]
[PlyCount "37"]
[EventDate "1985.07.??"]
[EventType "tourn"]
[EventRounds "11"]
[EventCountry "DEN"]
[EventCategory "9"]
[Source "ChessBase"]
[SourceDate "1999.11.16"]
[WhiteTeamCountry "CUB"]
[BlackTeamCountry "HUN"]

1. d4 Nf6 2. c4 e6 3. Nf3 b6 4. g3 Ba6 5. b3 Bb4+ 6. Bd2 Be7 7. Nc3 O-O 8. e4
Bb7 9. Bd3 d5 10. cxd5 exd5 11. e5 Ne4 12. O-O c5 13. Re1 f5 14. exf6 Bxf6 15.
Nxe4 dxe4 16. Bxe4 Bxe4 17. Rxe4 Qd5 18. Qe2 Nc6 19. Bc3 1/2-1/2

[Event "Esbjerg"]
[Site "Esbjerg"]
[Date "1985.??.??"]
[Round "10"]
[White "Adorjan, Andras"]
[Black "Ftacnik, Lubomir"]
[Result "1/2-1/2"]
[WhiteElo "2535"]
[BlackElo "2500"]
[PlyCount "35"]
[EventDate "1985.07.??"]
[EventType "tourn"]
[EventRounds "11"]
[EventCountry "DEN"]
[EventCategory "9"]
[Source "ChessBase"]
[SourceDate "1999.11.16"]
[WhiteTeamCountry "CUB"]
[BlackTeamCountry "HUN"]

1. c4 c5 2. Nf3 Nf6 3. Nc3 e6 4. g3 b6 5. Bg2 Bb7 6. O-O d6 7. d4 cxd4 8. Qxd4
a6 9. Rd1 Be7 10. Ng5 Bxg2 11. Kxg2 Nc6 12. Qf4 O-O 13. b3 Ra7 14. Bb2 h6 15.
Nf3 Qb8 16. Ne4 Nxe4 17. Qxe4 Rc8 18. Rac1 1/2-1/2

[Event "Esbjerg"]
[Site "Esbjerg"]
[Date "1985.??.??"]
[Round "11"]
[White "Mortensen, Erling"]
[Black "Adorjan, Andras"]
[Result "0-1"]
[WhiteElo "2450"]
[BlackElo "2535"]
[PlyCount "84"]
[EventDate "1985.07.??"]
[EventType "tourn"]
[EventRounds "11"]
[EventCountry "DEN"]
[EventCategory "9"]
[Source "ChessBase"]
[SourceDate "1999.11.16"]
[WhiteTeamCountry "CUB"]
[BlackTeamCountry "HUN"]

1. e4 c5 2. Nf3 e6 3. d4 cxd4 4. Nxd4 Nf6 5. Nc3 d6 6. g4 h6 7. Bg2 a6 8. f4
Nc6 9. h3 Be7 10. Nb3 Nd7 11. Be3 Bh4+ 12. Kf1 Be7 13. h4 b5 14. e5 Qc7 15.
exd6 Bxd6 16. Qf3 Bb7 17. Ne4 Be7 18. Rd1 Nb4 19. c3 Nd5 20. Bc1 Rd8 21. Rh3
O-O 22. g5 f5 23. Nf2 Nc5 24. Nxc5 Bxc5 25. Nd3 Ne3+ 26. Qxe3 Bxe3 27. Bxe3 Be4
28. Bd4 Bxd3+ 29. Rdxd3 Qxf4+ 30. Kg1 e5 31. Rdf3 Qxf3 32. Rxf3 exd4 33. cxd4
Rxd4 34. gxh6 Rxh4 35. hxg7 Kxg7 36. Rd3 Rf6 37. b3 Rh8 38. a4 bxa4 39. bxa4
Rh4 40. a5 Ra4 41. Rd7+ Kh6 42. Rd5 Ra2 0-1

[Event "Szirak"]
[Site "Szirak"]
[Date "1985.10.06"]
[Round "1"]
[White "Knaak, Rainer"]
[Black "Adorjan, Andras"]
[Result "1-0"]
[WhiteElo "2525"]
[BlackElo "2525"]
[PlyCount "41"]
[EventDate "1985.10.06"]
[EventType "tourn"]
[EventRounds "13"]
[EventCountry "HUN"]
[EventCategory "11"]
[Source "ChessBase"]
[SourceDate "1999.07.01"]
[WhiteTeamCountry "CUB"]
[BlackTeamCountry "HUN"]

1. d4 Nf6 2. c4 e6 3. Nc3 Bb4 4. e3 b6 5. Nge2 Ba6 6. Ng3 O-O 7. e4 Nc6 8. Bd3
Na5 9. Bg5 h6 10. h4 d6 11. Nh5 hxg5 12. hxg5 Nxe4 13. Bxe4 Qxg5 14. f4 Qh6 15.
Qf3 d5 16. Bh7+ Kh8 17. Bc2 Kg8 18. Nf6+ Qxf6 19. Bh7+ Kh8 20. Bg6+ Kg8 21.
Rh8+ 1-0

[Event "Szirak"]
[Site "Szirak"]
[Date "1985.10.07"]
[Round "2"]
[White "Adorjan, Andras"]
[Black "Horvath, Jozsef"]
[Result "1-0"]
[WhiteElo "2525"]
[BlackElo "2520"]
[PlyCount "69"]
[EventDate "1985.10.06"]
[EventType "tourn"]
[EventRounds "13"]
[EventCountry "HUN"]
[EventCategory "11"]
[Source "ChessBase"]
[SourceDate "1999.07.01"]
[WhiteTeamCountry "CUB"]
[BlackTeamCountry "HUN"]

1. c4 c5 2. Nf3 Nf6 3. Nc3 Nc6 4. d4 cxd4 5. Nxd4 Qb6 6. e3 e6 7. Be2 Be7 8.
O-O O-O 9. b3 d5 10. Na4 Qc7 11. Bb2 Bd7 12. Nb5 Qa5 13. cxd5 Nxd5 14. Nbc3 Nf6
15. a3 Qg5 16. b4 Rad8 17. Qb3 e5 18. Nc5 Bxc5 19. bxc5 e4 20. Rfd1 Bh3 21. Bf1
Ne5 22. Rxd8 Rxd8 23. Qxb7 Re8 24. Qc7 h5 25. Nd1 Nd3 26. Rb1 h4 27. Bxf6 gxf6
28. Qc6 Re5 29. Rb8+ Kh7 30. f4 exf3 31. Qxf3 Bf5 32. c6 Be4 33. Bxd3 Bxd3 34.
c7 Rf5 35. c8=Q 1-0

[Event "Szirak"]
[Site "Szirak"]
[Date "1985.10.10"]
[Round "5"]
[White "Uhlmann, Wolfgang"]
[Black "Adorjan, Andras"]
[Result "1/2-1/2"]
[WhiteElo "2515"]
[BlackElo "2525"]
[PlyCount "36"]
[EventDate "1985.10.06"]
[EventType "tourn"]
[EventRounds "13"]
[EventCountry "HUN"]
[EventCategory "11"]
[Source "ChessBase"]
[SourceDate "1999.07.01"]
[WhiteTeamCountry "CUB"]
[BlackTeamCountry "HUN"]

1. c4 c5 2. Nf3 Nf6 3. Nc3 e6 4. g3 b6 5. Bg2 Bb7 6. d4 cxd4 7. Qxd4 d6 8. O-O
a6 9. e4 Nbd7 10. Qe3 Be7 11. Nd4 Qc7 12. b3 O-O 13. Bb2 Rfe8 14. Rfe1 Bf8 15.
Re2 Nc5 16. Qd2 Rac8 17. Rd1 Qb8 18. Qe1 Red8 1/2-1/2

[Event "Szirak"]
[Site "Szirak"]
[Date "1985.10.11"]
[Round "6"]
[White "Adorjan, Andras"]
[Black "Vaisser, Anatoli"]
[Result "1/2-1/2"]
[WhiteElo "2525"]
[BlackElo "2515"]
[PlyCount "31"]
[EventDate "1985.10.06"]
[EventType "tourn"]
[EventRounds "13"]
[EventCountry "HUN"]
[EventCategory "11"]
[Source "ChessBase"]
[SourceDate "1999.07.01"]
[WhiteTeamCountry "CUB"]
[BlackTeamCountry "HUN"]

1. c4 f5 2. Nf3 Nf6 3. g3 g6 4. Bg2 Bg7 5. O-O d6 6. d4 O-O 7. Nc3 c6 8. d5 e5
9. dxe6 Bxe6 10. b3 Na6 11. Ng5 Bc8 12. Rb1 Ng4 13. Na4 Qe7 14. b4 Nc7 15. b5
c5 16. Bf4 1/2-1/2

[Event "Szirak"]
[Site "Szirak"]
[Date "1985.10.12"]
[Round "7"]
[White "Pinter, Jozsef"]
[Black "Adorjan, Andras"]
[Result "0-1"]
[WhiteElo "2565"]
[BlackElo "2525"]
[PlyCount "66"]
[EventDate "1985.10.06"]
[EventType "tourn"]
[EventRounds "13"]
[EventCountry "HUN"]
[EventCategory "11"]
[Source "ChessBase"]
[SourceDate "1999.07.01"]
[WhiteTeamCountry "CUB"]
[BlackTeamCountry "HUN"]

1. d4 Nf6 2. c4 e6 3. Nf3 b6 4. g3 Ba6 5. b3 Bb4+ 6. Bd2 Be7 7. Nc3 O-O 8. e4
Bb7 9. Bd3 d5 10. cxd5 exd5 11. e5 Ne4 12. O-O c5 13. Rc1 cxd4 14. Nxd4 Ba3 15.
Rc2 Na6 16. Ncb5 Bc5 17. Qg4 Kh8 18. Nf5 g6 19. Bxe4 dxe4 20. Nfd6 Bc6 21. Bh6
Nb4 22. Bxf8 Qxf8 23. Rxc5 bxc5 24. Nc7 Rd8 25. Qf4 Kg8 26. Qf6 Rd7 27. a3 Nc2
28. Ndb5 Bb7 29. e6 Qe7 30. Qb2 Rd2 31. Qe5 e3 32. Ne8 Qxe8 33. e7 e2 0-1

[Event "Szirak"]
[Site "Szirak"]
[Date "1985.10.13"]
[Round "8"]
[White "Georgiev, Kiril"]
[Black "Adorjan, Andras"]
[Result "1/2-1/2"]
[WhiteElo "2555"]
[BlackElo "2525"]
[PlyCount "61"]
[EventDate "1985.10.06"]
[EventType "tourn"]
[EventRounds "13"]
[EventCountry "HUN"]
[EventCategory "11"]
[Source "ChessBase"]
[SourceDate "1999.07.01"]
[WhiteTeamCountry "CUB"]
[BlackTeamCountry "HUN"]

1. d4 Nf6 2. Nf3 e6 3. g3 b5 4. Qd3 a6 5. Bg2 Bb7 6. O-O c5 7. dxc5 Bxc5 8. Bg5
Be7 9. Nbd2 d5 10. Bxf6 Bxf6 11. c3 Nd7 12. e4 O-O 13. Qe3 Qc7 14. Nb3 Rac8 15.
Rfe1 dxe4 16. Nfd2 Ne5 17. Nxe4 Be7 18. a4 Nc4 19. Qe2 Qb6 20. axb5 Qxb5 21.
Na5 Nxa5 22. Qxb5 axb5 23. Rxa5 b4 24. Ra7 Bxe4 25. Bxe4 Bc5 26. Rb7 bxc3 27.
bxc3 Rfd8 28. Re2 Rd1+ 29. Kg2 Rc1 30. Rc2 Rxc2 31. Bxc2 1/2-1/2

[Event "Szirak"]
[Site "Szirak"]
[Date "1985.10.15"]
[Round "9"]
[White "Adorjan, Andras"]
[Black "Utasi, Tamas"]
[Result "1-0"]
[WhiteElo "2525"]
[BlackElo "2485"]
[PlyCount "67"]
[EventDate "1985.10.06"]
[EventType "tourn"]
[EventRounds "13"]
[EventCountry "HUN"]
[EventCategory "11"]
[Source "ChessBase"]
[SourceDate "1999.07.01"]
[WhiteTeamCountry "CUB"]
[BlackTeamCountry "HUN"]

1. c4 e6 2. Nc3 c5 3. Nf3 Nf6 4. g3 Nc6 5. Bg2 d5 6. cxd5 Nxd5 7. O-O Be7 8. d4
O-O 9. Nxd5 exd5 10. dxc5 Bxc5 11. Bg5 f6 12. Bd2 Bb6 13. a4 Re8 14. b4 a6 15.
e3 Bf5 16. Qb3 Be4 17. Rfd1 Kh8 18. Bc3 Qc8 19. a5 Ba7 20. b5 axb5 21. Qxb5 Bb8
22. Bd4 Bd6 23. Bb6 Bf8 24. Rdc1 Qd7 25. Nd4 Bxg2 26. Kxg2 Rec8 27. Bc5 Rc7 28.
Bxf8 Rxf8 29. Qb6 Rfc8 30. Nb5 Qg4 31. Nxc7 Ne5 32. Qd4 Qf3+ 33. Kg1 Qh5 34.
Qxd5 1-0

[Event "Szirak"]
[Site "Szirak"]
[Date "1985.10.16"]
[Round "10"]
[White "Klinger, Josef"]
[Black "Adorjan, Andras"]
[Result "1-0"]
[WhiteElo "2460"]
[BlackElo "2525"]
[PlyCount "55"]
[EventDate "1985.10.06"]
[EventType "tourn"]
[EventRounds "13"]
[EventCountry "HUN"]
[EventCategory "11"]
[Source "ChessBase"]
[SourceDate "1999.07.01"]
[WhiteTeamCountry "CUB"]
[BlackTeamCountry "HUN"]

1. e4 c5 2. Nf3 e6 3. d4 cxd4 4. Nxd4 Nf6 5. Nc3 d6 6. f4 a6 7. Bd3 Nc6 8. Nf3
Be7 9. O-O O-O 10. Kh1 b5 11. e5 Ne8 12. Qe1 Bb7 13. Ne4 dxe5 14. Neg5 g6 15.
fxe5 Nb4 16. Qh4 h5 17. Qg3 Nxd3 18. Nxe6 Nf2+ 19. Rxf2 Qd1+ 20. Ng1 h4 21. Qb3
fxe6 22. Qxe6+ Kh8 23. Qxe7 Rxf2 24. Qxh4+ Kg8 25. Qxf2 Rc8 26. c3 Rc4 27. e6
Nd6 28. Bh6 1-0

[Event "Szirak"]
[Site "Szirak"]
[Date "1985.10.18"]
[Round "12"]
[White "Petran, Pal"]
[Black "Adorjan, Andras"]
[Result "0-1"]
[WhiteElo "2440"]
[BlackElo "2525"]
[PlyCount "24"]
[EventDate "1985.10.06"]
[EventType "tourn"]
[EventRounds "13"]
[EventCountry "HUN"]
[EventCategory "11"]
[Source "ChessBase"]
[SourceDate "1999.07.01"]
[WhiteTeamCountry "CUB"]
[BlackTeamCountry "HUN"]

1. d4 Nf6 2. c4 e6 3. Nf3 b6 4. g3 Ba6 5. b3 d5 6. Bg2 dxc4 7. Ne5 Bb4+ 8. Bd2
cxb3 9. Nc6 b2 10. Nxb4 bxa1=Q 11. Bc3 Qxc3+ 12. Nxc3 c6 0-1

[Event "Szirak"]
[Site "Szirak"]
[Date "1985.10.19"]
[Round "13"]
[White "Adorjan, Andras"]
[Black "Yap, Andronico"]
[Result "0-1"]
[WhiteElo "2525"]
[BlackElo "2425"]
[PlyCount "100"]
[EventDate "1985.10.06"]
[EventType "tourn"]
[EventRounds "13"]
[EventCountry "HUN"]
[EventCategory "11"]
[Source "ChessBase"]
[SourceDate "1999.07.01"]
[WhiteTeamCountry "CUB"]
[BlackTeamCountry "HUN"]

1. c4 Nf6 2. Nc3 e6 3. e4 c5 4. e5 Ng8 5. Nf3 Nc6 6. d4 cxd4 7. Nxd4 Qc7 8. Bf4
a6 9. Nxc6 bxc6 10. Bd3 Bb7 11. O-O c5 12. Be4 Ne7 13. Re1 Ng6 14. Bg3 Be7 15.
Bxb7 Qxb7 16. Qd2 O-O 17. Rad1 Rad8 18. Ne4 Qc6 19. b3 Rfe8 20. f3 h6 21. Re3
d5 22. exd6 f5 23. Qc2 Bf8 24. Nc3 Bxd6 25. Red3 Be7 26. Rxd8 Rxd8 27. Rxd8+
Bxd8 28. Bf2 Ne5 29. Na4 Be7 30. h3 Nd7 31. Qd2 Kf7 32. Kf1 Qc7 33. Kg1 Bd6 34.
Be3 Nf6 35. Kf1 Nh5 36. Bf2 Be7 37. Nb2 Qh2 38. Nd3 Qh1+ 39. Bg1 Bh4 40. Ne5+
Kg8 41. Qd7 Nf4 42. Qd2 Bg5 43. h4 Qxh4 44. Bxc5 Qh1+ 45. Bg1 Nd5 46. Qe1 Ne3+
47. Ke2 Nxg2 48. Qf1 Nf4+ 49. Ke1 Nh3 50. Bf2 Bd2+ 0-1